000 00544nam a2200181Ia 4500
999 _c434
_d434
003 OSt
005 20210118153954.0
008 151015s9999 xx 000 0 und d
040 _aMMU
_bMMU
_ceng
_dMMU
050 _aZ 52.5 M52 2008
100 _aJohnson, Steve
245 _aBrilliant Microsoft office 2007:
_bWhat you need to know and how to do it /
_cSteve,Johnson.
260 _aLondon :
_bPearson Education Ltd,
_c 2007 .
300 _a538 p.:
_bill. ;
500 _aincludes index .
650 _aMicrosoft office
942 _2lcc
_cLOAN LOAN